Widok standardowy
Widok MARC
Pozycja Geographic Name
Liczba rekordów, w których użyto hasła: 1
001 - Numer kontrolny
- control field: 40667
003 - Identyfikator numeru kontrolnego
- control field: NUKAT
005 - Data i czas ostatniej modyfikacji
- control field: 20260427131239.0
008 - Dane kontrolne kodowane (40 znaków)
- fixed length control field: 050120n||azznnbabn |a ana |
010 ## - Numer kontrolny Biblioteki Kongresu
- numer kontrolny LC: p 2004312880
035 ## - Numer systemowy
- numer systemowy: a10170431
040 ## - Instytucja sporządzająca rekord
- inst. przygot. dane do rek. khw: WA N
- język haseł przedmiotowych/tezaurus: DBN
- inst. wprow. rek. khw: WA N
151 ## - Hasło - nazwa geograficzna
- nazwa geograficzna: Mauthausen (Austria)
510 2# - Trop zob. też - nazwa ciała zbiorowego
- nazwa ciała zbior. lub geogr. na pocz.: Mauthausen (niemiecki obóz koncentracyjny)
670 ## - Źródło informacji
- źródło informacji: EP 1994
682 ## - Informacja o usuniętym haśle
- tekst wyjaśniający: zatwierdzone